| 000 | 00455nam a2200181Ia 4500 | ||
|---|---|---|---|
| 003 | OSt | ||
| 005 | 20260505144332.0 | ||
| 008 | 250729s2005 xx 000 0 und d | ||
| 040 | _cAL | ||
| 041 | _akan | ||
| 082 | _a494.52 PRAS | ||
| 100 |
_aG S Prabhakara _9231057 |
||
| 245 | _aShala vidyarthigaligagi kanadalli pathra lekhana | ||
| 260 |
_aBangalore _bPrakasha Sahithya _c2005 |
||
| 300 | _a159p | ||
| 650 |
_aKannada _9231058 |
||
| 942 |
_2ddc _cBED |
||
| 999 |
_c239091 _d239091 |
||